=LDR 00000nam 2200000 4500 =001 INLIS000000000041689 =005 20200522092407 =035 ##$$a 0010-061300000041689 =008 200522################g##########0#ind## =041 ##$$a Ind =082 ##$$a 2 x 4.15 =090 ##$$a 2 x 4.15, Pur k.5 =100 ##$$a Purwantoro, Aries =245 1#$$a Keajaiban tanah suci : $b Pengalaman inspiratif seorang bujangan sukses naik haji dengan duit pas-pasan, /$c Aries Purwantoro =260 ##$$a Bandung :$b Oase publishing,$c 2011 =300 ##$$a 208 hlm, ; $c 17 x 13 cm. =850 ##$$a NBPNMAT =084 ##$$a 2 x 4.15 PUR k =650 #4$$a Keajaiban Tanah Suci =990 ##$$a 26.117/Pb-2011